01146nam a2200229 a 450000100100000000500170001000800410002704000250006808200290009311001500012224500890027224600410036126000770040230000320047950000420051159000260055365000740057965000740065370000450072795201270077299900170089900004769520201002060701.0110411s1999 dr a 000 0 spa d aDO-SdBNPbspacBNPHU a370.97293021bE79e, 19992 aRepública DominicanabSecretaría de Estado de Educacion y culturabOficina de planificación educativabDepartamento de estadística97530010aEstadísticas educativas :b1997-1998 /cintroducción Rafael De Lancer Sánchez.14aEstadísticas educativas, 1997-1998 aSanto Domingo :bSecretaría de Estado de Educación y Cultura,c1999. axx, 749 p. :bil. ;c28 cm. aIncluye indice de gráficos y mapas. aInventariado, 2018/YL 4aEducaciónzRepública DominicanaxEstadísticasy1990-1991955724 4aEducaciónzRepública DominicanaxEstadísticasy1993-199495572512aDe Lancer Sánchez, Rafaeleint.975301 0010718PDaPDbPDcCTd2018-07-20iLF1l0o370.97293021 E79e, 1999p47695-10r2020-06-25w2020-06-25yLFPDZNo se presta c47183d47183